000 00323nam a2200133 i 4500
001 bg
100 1 _aRAID, Thomas
245 0 _aRozważania o władzach poznawczych człowieka /
_cThomas Raid.
260 _aWarszawa,
_c1975.
040 _cBPK
041 _apol
942 _cKS
008 s pl f |000 0 pol
999 _c26823
_d26823
856 _uhttp://koha.tu.koszalin.pl/cgi-bin/koha/opac-detail.pl?biblionumber=26823
_yKatalog online BPK